| 000 | 00618nam a22001937a 4500 | ||
|---|---|---|---|
| 999 |
_c10842 _d10842 |
||
| 003 | AR-CdUCM | ||
| 008 | 190329b ||||| |||| 00| 0 spa d | ||
| 040 |
_aMUNICIPALIDAD PROVINCIAL DEL CUSCO _cBIBLIOTECA MUNICIPAL DEL CUSCO |
||
| 082 |
_aEP / 869.57 / _bD54 |
||
| 110 |
_aColegio República de Paraguay _927892 |
||
| 245 |
_aLos Niños Cuentan / _bRelatos |
||
| 260 |
_aLima : _bBiblioteca Nacional del Perú ; _c1998. |
||
| 300 |
_a96 páginas ; _bIlustraciones _c21cm |
||
| 505 | _aContenido: Relatos | ||
| 650 |
_aLiteratura juvenil _91580 |
||
| 650 |
_aRelatos _9195 |
||
| 942 |
_2ddc _cLIBROS |
||
| 945 | _anom | ||